[Event "Africa-ch U2300"]
[Site "Mombasa"]
[Date "2022.12.02"]
[Round "7"]
[White "Wafula, Samuel"]
[Black "Musasizi, Emmanuel"]
[Result "0-1"]
[WhiteElo "1545"]
[BlackElo "1985"]
[PlyCount "78"]
[EventDate "2022.11.27"]
[EventType "swiss"]
[EventRounds "9"]
[EventCountry "KEN"]
[SourceTitle "EXT 2024"]
[Source "ChessBase"]
[SourceDate "2023.10.10"]
[SourceVersion "1"]
[SourceVersionDate "2023.10.10"]
[SourceQuality "1"]

1. e4 c5 2. Bc4 e6 3. d3 a6 4. a4 d5 5. exd5 exd5 6. Bb3 Be6 7. Nf3 Be7 8. 0-0 Nc6 9. Nc3 h6 10. Bf4 g5 11. Bg3 h5 12. h3 g4 13. hxg4 hxg4 14. Ne5 Nxe5 15. Bxe5 Rh5 16. Bg3 Bd6 17. Bxd6 Qxd6 18. g3 Ne7 19. Kg2 0-0-0 20. Rh1 Rf5 21. Rh4 Rf3 22. Qd2 Ng6 23. Rh5 Qc6 24. Ba2 Kb8 25. Qg5 Qd6 26. Qd2 Ne7 27. Rah1 Nf5 28. Ne2 Qc6 29. Ng1 d4 30. Nxf3 Qxf3+ 31. Kg1 Ne3 32. fxe3 dxe3 33. Qe1 Bxa2 34. Rh8 Rxh8 35. Rxh8+ Ka7 36. Rh2 Bd5 37. Qe2 Qxg3+ 38. Kf1 f5 39. b4 Qf4+ 0-1

[Event "Africa-ch U2300"]
[Site "Mombasa"]
[Date "2022.11.30"]
[Round "5"]
[White "Mcligeyo, Robert Oluka"]
[Black "Musasizi, Emmanuel"]
[Result "0-1"]
[WhiteElo "1786"]
[BlackElo "1985"]
[PlyCount "64"]
[EventDate "2022.11.27"]
[EventType "swiss"]
[EventRounds "9"]
[EventCountry "KEN"]
[SourceTitle "EXT 2024"]
[Source "ChessBase"]
[SourceDate "2023.10.10"]
[SourceVersion "1"]
[SourceVersionDate "2023.10.10"]
[SourceQuality "1"]

1. d4 d5 2. c4 e6 3. Nf3 Nf6 4. Nc3 dxc4 5. e4 c5 6. Bxc4 cxd4 7. Nxd4 a6 8. e5 Nfd7 9. f4 b5 10. Bb3 Nc5 11. Bc2 Bb7 12. 0-0 b4 13. Na4 Be7 14. Be3 0-0 15. Rc1 Nbd7 16. Nxc5 Nxc5 17. f5 Qd5 18. Nf3 Qxd1 19. Rfxd1 Rfc8 20. f6 gxf6 21. exf6 Bxf6 22. Bxc5 Rxc5 23. Bxh7+ Kxh7 24. Rxc5 Bxb2 25. Rc7 Bd5 26. Rxf7+ Kg6 27. Rf4 a5 28. Re1 Bc3 29. Re2 a4 30. Nd2 e5 31. Rg4+ Kf5 32. h3 Bxa2 0-1

[Event "Antwerp World Uni blitz op"]
[Site "Antwerp"]
[Date "2022.09.14"]
[Round "6"]
[White "Musasizi, Emmanuel"]
[Black "Karas, Marek"]
[Result "1-0"]
[WhiteElo "2039"]
[BlackElo "2272"]
[PlyCount "55"]
[EventDate "2022.09.14"]
[EventType "swiss (blitz)"]
[EventRounds "9"]
[EventCountry "BEL"]
[SourceTitle "CBM 210 Extra"]
[Source "ChessBase"]
[SourceDate "2022.11.30"]
[SourceVersion "1"]
[SourceVersionDate "2022.11.30"]
[SourceQuality "1"]

1. e4 e6 2. d4 d5 3. Nc3 Nf6 4. exd5 exd5 5. Bg5 Be6 6. Nf3 Be7 7. Bd3 0-0 8. Qd2 c5 9. 0-0 Nc6 10. dxc5 Bxc5 11. Rad1 h6 12. Bxh6 Nb4 13. Bxg7 Nxd3 14. Qh6 Nh7 15. Rxd3 Bf5 16. Rxd5 Qc8 17. Ng5 Qc6 18. Bxf8 Bxf8 19. Qxc6 bxc6 20. Rxf5 Nxg5 21. Rxg5+ Kh7 22. Re5 Rd8 23. g3 Bg7 24. Re7 Kg6 25. Rxa7 Rd2 26. Re1 Rxc2 27. Re2 Rc1+ 28. Kg2 1-0

[Event "Antwerp World Uni blitz op"]
[Site "Antwerp"]
[Date "2022.09.14"]
[Round "1"]
[White "Tin, Jingyao"]
[Black "Musasizi, Emmanuel"]
[Result "1-0"]
[WhiteElo "2409"]
[BlackElo "2039"]
[PlyCount "67"]
[EventDate "2022.09.14"]
[EventType "swiss (blitz)"]
[EventRounds "9"]
[EventCountry "BEL"]
[SourceTitle "CBM 210 Extra"]
[Source "ChessBase"]
[SourceDate "2022.11.30"]
[SourceVersion "1"]
[SourceVersionDate "2022.11.30"]
[SourceQuality "1"]

1. d4 Nf6 2. c4 e6 3. Nc3 Bb4 4. Qc2 d5 5. a3 Be7 6. Nf3 0-0 7. Bf4 b6 8. cxd5 exd5 9. e3 c6 10. Ne5 Bb7 11. Bd3 c5 12. dxc5 bxc5 13. 0-0 Nc6 14. Rfd1 Rc8 15. Rac1 d4 16. Bf5 Nxe5 17. Bxe5 Nd5 18. Bxc8 Qxc8 19. exd4 Qc6 20. Qe4 Nxc3 21. Qxc6 Ne2+ 22. Kf1 Bxc6 23. Kxe2 f6 24. Bf4 Re8 25. Be3 Bxg2 26. dxc5 Bh3 27. c6 Bg4+ 28. f3 Bc8 29. Kf2 f5 30. Bxa7 Bh4+ 31. Kg1 Bg5 32. Re1 Rf8 33. Bc5 Rd8 34. Rcd1 1-0

[Event "Antwerp World Uni op"]
[Site "Antwerp"]
[Date "2022.09.13"]
[Round "3"]
[White "Musasizi, Emmanuel"]
[Black "Gatineau, Yovann"]
[Result "1/2-1/2"]
[WhiteElo "1978"]
[BlackElo "2368"]
[PlyCount "84"]
[EventDate "2022.09.12"]
[EventType "swiss"]
[EventRounds "9"]
[EventCountry "BEL"]
[SourceTitle "EXT 2023"]
[Source "ChessBase"]
[SourceDate "2022.10.05"]
[SourceVersion "1"]
[SourceVersionDate "2022.10.05"]
[SourceQuality "1"]

1. e4 c6 2. c4 d5 3. cxd5 cxd5 4. exd5 Nf6 5. Qa4+ Nbd7 6. Nc3 g6 7. Nf3 Bg7 8. Bc4 0-0 9. 0-0 a6 10. Qa3 Nb6 11. Qb3 Nxc4 12. Qxc4 b5 13. Qc5 Bb7 14. Re1 Nxd5 15. Nxd5 Bxd5 16. Qxe7 Qc8 17. d3 Qc6 18. Qe2 Rae8 19. Be3 f5 20. Rac1 Qb7 21. Qd2 Bxf3 22. gxf3 Qxf3 23. Bc5 Rxe1+ 24. Rxe1 Qg4+ 25. Kh1 Qf3+ 26. Kg1 Rd8 27. Qe2 Qxe2 28. Rxe2 Rxd3 29. Re6 Bxb2 30. Rxa6 f4 31. Kg2 f3+ 32. Kh3 Rd5 33. Be3 Rh5+ 34. Kg4 Rxh2 35. Rb6 Rh5 36. a4 Rf5 37. Rxb5 h5+ 38. Kh3 Be5 39. a5 g5 40. Bxg5 Rxg5 41. a6 Rg1 42. Rxe5 Ra1 1/2-1/2

[Event "Antwerp World Uni op"]
[Site "Antwerp"]
[Date "2022.09.12"]
[Round "2"]
[White "Musasizi, Emmanuel"]
[Black "Bitarinsa, Arthur"]
[Result "1-0"]
[WhiteElo "1978"]
[BlackElo "1659"]
[PlyCount "79"]
[EventDate "2022.09.12"]
[EventType "swiss"]
[EventRounds "9"]
[EventCountry "BEL"]
[SourceTitle "EXT 2023"]
[Source "ChessBase"]
[SourceDate "2022.10.05"]
[SourceVersion "1"]
[SourceVersionDate "2022.10.05"]
[SourceQuality "1"]

1. e4 c5 2. Nf3 d6 3. d4 cxd4 4. Nxd4 e5 5. Nb3 Nf6 6. Nc3 a6 7. Bg5 Be7 8. Qd2 b5 9. a3 Be6 10. 0-0-0 Nc6 11. Bxf6 gxf6 12. Nd5 Rc8 13. Kb1 f5 14. f3 Bg5 15. Qf2 Bxd5 16. Rxd5 Ne7 17. Rd3 a5 18. h4 Bh6 19. exf5 a4 20. Nd2 Nxf5 21. Ne4 Bf8 22. Rd5 Be7 23. Bxb5+ Kf8 24. Qd2 Nxh4 25. Qh6+ Kg8 26. Rxd6 Qf8 27. Rxh4 Qxh6 28. Rhxh6 Bxd6 29. Nxd6 Rd8 30. Bxa4 Kf8 31. c4 Rg8 32. c5 Rxg2 33. Rxh7 Kg8 34. Rh8+ Kxh8 35. Nxf7+ Kg7 36. Nxd8 Rf2 37. c6 Rf1+ 38. Kc2 Rf2+ 39. Kc1 Rf1+ 40. Bd1 1-0

[Event "UGA olympic qual"]
[Site "Kampala"]
[Date "2022.03.12"]
[Round "5"]
[White "Musasizi, Emmanuel"]
[Black "Etoru, Amos"]
[Result "1-0"]
[WhiteElo "1939"]
[BlackElo "1928"]
[PlyCount "55"]
[EventDate "2022.03.05"]
[EventType "tourn"]
[EventRounds "13"]
[EventCountry "UGA"]
[SourceTitle "EXT 2023"]
[Source "ChessBase"]
[SourceDate "2022.10.05"]
[SourceVersion "1"]
[SourceVersionDate "2022.10.05"]
[SourceQuality "1"]

1. e4 e5 2. d3 Bc5 3. g3 Nc6 4. Bg2 d6 5. c3 Nf6 6. Nf3 0-0 7. 0-0 Bb6 8. a4 a5 9. Na3 h6 10. Nc4 Ba7 11. Ne3 Be6 12. c4 Nd4 13. Nh4 Qd7 14. Kh1 Bh3 15. f4 Nh7 16. f5 Bxg2+ 17. Kxg2 f6 18. Ng4 Ng5 19. Ng6 Rfd8 20. Bxg5 fxg5 21. h4 gxh4 22. Rh1 Nc6 23. Rxh4 Ne7 24. Rxh6 Nxg6 25. Rxg6 Kf7 26. Nh6+ Kf8 27. Qg4 Be3 28. Rf6+ 1-0

[Event "UGA-ch op"]
[Site "Kampala"]
[Date "2022.02.17"]
[Round "2"]
[White "Musasizi, Emmanuel"]
[Black "Tumusiime, Anthony"]
[Result "1-0"]
[WhiteElo "1935"]
[BlackElo "1638"]
[PlyCount "83"]
[EventDate "2022.02.17"]
[EventType "swiss"]
[EventRounds "8"]
[EventCountry "UGA"]
[SourceTitle "EXT 2023"]
[Source "ChessBase"]
[SourceDate "2022.10.05"]
[SourceVersion "1"]
[SourceVersionDate "2022.10.05"]
[SourceQuality "1"]

1. e4 Nc6 2. d4 e5 3. d5 Nce7 4. c4 Ng6 5. Nc3 Bc5 6. Nf3 a6 7. Bd3 Nf6 8. a3 d6 9. h3 h6 10. 0-0 0-0 11. b4 Ba7 12. Ne2 Nh5 13. Be3 Re8 14. c5 dxc5 15. bxc5 Qf6 16. Kh2 Nhf4 17. Nxf4 Nxf4 18. Ng1 Qg6 19. g3 Nxd3 20. Qxd3 f5 21. f3 Qf7 22. Rab1 f4 23. gxf4 exf4 24. Bd4 Qg6 25. Rf2 Qg3+ 26. Kh1 Qh4 27. Rg2 g5 28. Bb2 Qh5 29. Qc3 Qg6 30. Kh2 b6 31. Ne2 Bxh3 32. Nxf4 Qh7 33. Nxh3 bxc5 34. Rbg1 Re7 35. e5 Rb8 36. e6 Rxb2 37. Qxb2 Qf5 38. Rxg5+ hxg5 39. Rxg5+ Qxg5 40. Nxg5 Rg7 41. Qxg7+ Kxg7 42. e7 1-0

[Event "Kampala Rwabushenyi Memorial"]
[Site "Kampala"]
[Date "2021.12.02"]
[Round "2"]
[White "Eculo, Isaac"]
[Black "Musasizi, Emmanuel"]
[Result "0-1"]
[WhiteElo "1532"]
[BlackElo "1933"]
[PlyCount "51"]
[EventDate "2021.12.02"]
[EventType "swiss"]
[EventRounds "8"]
[EventCountry "UGA"]
[SourceTitle "EXT 2023"]
[Source "ChessBase"]
[SourceDate "2022.10.05"]
[SourceVersion "1"]
[SourceVersionDate "2022.10.05"]
[SourceQuality "1"]

1. d4 Nf6 2. Nf3 e6 3. g3 c5 4. Bg2 d5 5. 0-0 cxd4 6. Nxd4 Nc6 7. c4 Qb6 8. Nxc6 bxc6 9. Nc3 Bb7 10. Qa4 d4 11. Ne4 Nd7 12. Bd2 f5 13. Ng5 Nc5 14. Qc2 a5 15. Nf3 Rd8 16. Bg5 Be7 17. Rad1 Ne4 18. Bxe7 Kxe7 19. Ne5 c5 20. Nd3 Rhf8 21. Qb3 Qc7 22. Qa3 Rc8 23. f4 g5 24. Kh1 gxf4 25. gxf4 Rg8 26. Bf3 0-1

[Event "FIDE World Uni Rapid-B 1st"]
[Site "Tornelo INT"]
[Date "2021.03.21"]
[Round "10"]
[White "Davis, Christopher"]
[Black "Musasizi, Emmanuel"]
[Result "1-0"]
[WhiteElo "1337"]
[BlackElo "1914"]
[PlyCount "137"]
[EventDate "2021.03.20"]
[EventType "swiss (rapid)"]
[EventRounds "12"]
[EventCountry "NET"]
[SourceTitle "CBM 201 Extra"]
[Source "ChessBase"]
[SourceDate "2021.05.31"]
[SourceVersion "1"]
[SourceVersionDate "2021.05.31"]
[SourceQuality "1"]

1. e4 c5 2. Nf3 Nc6 3. c4 e5 4. g3 Nf6 5. Nc3 d6 6. Bg2 Bg4 7. 0-0 Nd4 8. d3 Be7 9. h3 Nxf3+ 10. Bxf3 Bxh3 11. Re1 Bd7 12. Bg5 h6 13. Bxf6 Bxf6 14. Nd5 0-0 15. Kg2 Bg5 16. Rh1 Be6 17. Nc3 Rb8 18. a4 a6 19. Be2 g6 20. Bg4 f5 21. exf5 gxf5 22. Bf3 Kg7 23. Bd5 Bd7 24. Qh5 Be8 25. Qh3 Bg6 26. Raf1 f4 27. Ne4 Rh8 28. Qe6 Bxe4+ 29. Bxe4 Qe7 30. Qg6+ Kf8 31. f3 Qf6 32. Qh5 b5 33. axb5 axb5 34. cxb5 Rxb5 35. Rb1 fxg3 36. Qg4 Rb4 37. Qc8+ Kg7 38. Qc7+ Qf7 39. Qxd6 Rhb8 40. Qxe5+ Qf6 41. Qxc5 Rxb2+ 42. Rxb2 Rxb2+ 43. Kh3 Qf4 44. Qd4+ Qf6 45. Qxf6+ Kxf6 46. Kxg3 Ke5 47. Rh5 Kd4 48. f4 Bd8 49. Rxh6 Bc7 50. Rh7 Bb8 51. Kf3 Rb1 52. f5 Rf1+ 53. Ke2 Rg1 54. f6 Rg8 55. f7 Rf8 56. Bg6 Ke5 57. Rg7 Kf6 58. Rg8 Bd6 59. Kf3 Ke7 60. d4 Ke6 61. Ke4 Ba3 62. d5+ Kf6 63. Rxf8 Bxf8 64. Bh5 Kg5 65. Bf3 Kf6 66. Bh5 Kg5 67. Ke5 Kxh5 68. d6 Kg6 69. d7 1-0

[Event "FIDE World Uni Rapid-B 1st"]
[Site "Tornelo INT"]
[Date "2021.03.21"]
[Round "12"]
[White "Mendez Cordoba, Yesua Leonel"]
[Black "Musasizi, Emmanuel"]
[Result "1/2-1/2"]
[WhiteElo "1571"]
[BlackElo "1914"]
[PlyCount "136"]
[EventDate "2021.03.20"]
[EventType "swiss (rapid)"]
[EventRounds "12"]
[EventCountry "NET"]
[SourceTitle "CBM 201 Extra"]
[Source "ChessBase"]
[SourceDate "2021.05.31"]
[SourceVersion "1"]
[SourceVersionDate "2021.05.31"]
[SourceQuality "1"]

1. e4 c5 2. Nf3 Nc6 3. d4 cxd4 4. Nxd4 Nf6 5. Nc3 e5 6. Ndb5 d6 7. Bg5 a6 8. Bxf6 gxf6 9. Na3 Be6 10. Bc4 Qd7 11. Nd5 Bxd5 12. Bxd5 Ne7 13. Nc4 Nxd5 14. Qxd5 Qc7 15. 0-0-0 Rc8 16. Ne3 Bh6 17. c3 Bxe3+ 18. fxe3 Ke7 19. Rhf1 Qc6 20. Qd3 Rhg8 21. g3 b5 22. a3 Rg4 23. Rf5 a5 24. Rdf1 Rg6 25. Qd5 b4 26. Qxc6 Rxc6 27. axb4 axb4 28. Kc2 bxc3 29. bxc3 Ra6 30. Kd3 Ke6 31. R1f2 d5 32. exd5+ Kxd5 33. e4+ Kc5 34. Rh5 h6 35. Rhf5 Rd6+ 36. Kc2 Kc4 37. R2f3 Ra6 38. Kb2 Rc6 39. h4 Rb6+ 40. Kc2 Ra6 41. h5 Rg5 42. Rxg5 fxg5 43. Rxf7 Ra2+ 44. Kb1 Rg2 45. Rf3 Kb3 46. Kc1 Rc2+ 47. Kd1 Rxc3 48. Rxc3+ Kxc3 49. Ke2 Kd4 50. Kf3 g4+ 51. Kxg4 Kxe4 52. Kh4 Kf5 53. g4+ Kf6 54. Kg3 Kg5 55. Kf3 Kh4 56. Ke4 Kxg4 57. Kxe5 Kxh5 58. Kf5 Kh4 59. Kf4 Kh3 60. Kf3 h5 61. Kf2 Kh2 62. Kf1 h4 63. Kf2 Kh1 64. Kf1 h3 65. Kf2 Kh2 66. Kf1 Kg3 67. Kg1 h2+ 68. Kh1 Kh3 1/2-1/2

[Event "FIDE World Uni Rapid-B 1st"]
[Site "Tornelo INT"]
[Date "2021.03.21"]
[Round "9"]
[White "Musasizi, Emmanuel"]
[Black "Toribio Alvarado, Brath"]
[Result "0-1"]
[WhiteElo "1914"]
[BlackElo "1544"]
[PlyCount "116"]
[EventDate "2021.03.20"]
[EventType "swiss (rapid)"]
[EventRounds "12"]
[EventCountry "NET"]
[SourceTitle "CBM 201 Extra"]
[Source "ChessBase"]
[SourceDate "2021.05.31"]
[SourceVersion "1"]
[SourceVersionDate "2021.05.31"]
[SourceQuality "1"]

1. c4 Nf6 2. g3 c6 3. Bg2 d5 4. cxd5 cxd5 5. d4 e6 6. Nc3 Nc6 7. Nf3 a6 8. 0-0 Bd6 9. Bg5 h6 10. Bxf6 Qxf6 11. e4 dxe4 12. Nxe4 Qe7 13. d5 exd5 14. Qxd5 Bc7 15. Nc5 0-0 16. Rfe1 Qf6 17. Nd7 Bxd7 18. Qxd7 Bb6 19. Qxb7 Nd4 20. Nxd4 Bxd4 21. Qe7 Qxf2+ 22. Kh1 Rab8 23. Re2 Qf5 24. Rf1 Qb5 25. a4 Qc4 26. Re3 Bxe3 27. Qxe3 Rxb2 28. Qe5 Qc2 29. Qe4 Rc8 30. Qxc2 Rcxc2 31. Bd5 Rf2 32. Rc1 Rxh2+ 33. Kg1 Rhc2 34. Rf1 Rc7 35. Re1 Kf8 36. Bg2 Rb4 37. Ra1 g6 38. Ra2 Rc3 39. Kh2 Rg4 40. Bf1 Rgxg3 41. Bxa6 Rg5 42. Bf1 Ra5 43. Bb5 f5 44. Re2 Rxb5 45. axb5 Rb3 46. Re5 Kf7 47. Rc5 Kf6 48. Rc6+ Kg5 49. b6 f4 50. Rc5+ Kg4 51. Rc6 Kh5 52. Kg2 g5 53. Kf2 g4 54. Rf6 Rb2+ 55. Kf1 Kg5 56. Rc6 f3 57. Rc5+ Kf4 58. Rc1 Rxb6 0-1

[Event "Kampala Kantinti Memorial op"]
[Site "Kampala"]
[Date "2020.02.14"]
[Round "2"]
[White "Kwesiga, Isaac"]
[Black "Musasizi, Emmanuel"]
[Result "0-1"]
[WhiteElo "1374"]
[BlackElo "1885"]
[PlyCount "50"]
[EventDate "2020.02.14"]
[EventType "swiss"]
[EventRounds "7"]
[EventCountry "UGA"]
[SourceTitle "EXT 2021"]
[Source "ChessBase"]
[SourceDate "2020.10.23"]
[SourceVersion "1"]
[SourceVersionDate "2020.10.23"]
[SourceQuality "1"]

1. e4 d6 2. d4 Nf6 3. Nc3 g6 4. Bc4 Bg7 5. f3 c6 6. Be3 Nbd7 7. Qd2 b5 8. Bb3 h5 9. h4 a5 10. a3 Qc7 11. Nh3 Nb6 12. Ng5 Nc4 13. Bxc4 bxc4 14. f4 Ng4 15. e5 0-0 16. Bg1 Bf5 17. 0-0-0 Rab8 18. Kb1 Qb7 19. Qc1 a4 20. Nge4 c5 21. Re1 cxd4 22. Bxd4 dxe5 23. Bxe5 Nxe5 24. fxe5 Bxe4 25. Rxe4 Bh6 0-1

[Event "Kampala Kantinti Memorial op"]
[Site "Kampala"]
[Date "2020.02.14"]
[Round "5"]
[White "Musasizi, Emmanuel"]
[Black "Kaamu, Joseph"]
[Result "1-0"]
[WhiteElo "1885"]
[BlackElo "1699"]
[PlyCount "65"]
[EventDate "2020.02.14"]
[EventType "swiss"]
[EventRounds "7"]
[EventCountry "UGA"]
[SourceTitle "EXT 2021"]
[Source "ChessBase"]
[SourceDate "2020.10.23"]
[SourceVersion "1"]
[SourceVersionDate "2020.10.23"]
[SourceQuality "1"]

1. c4 e5 2. g3 Nc6 3. Bg2 Nf6 4. e4 Bc5 5. Nc3 0-0 6. Nf3 Ng4 7. 0-0 d6 8. d3 h6 9. h3 Nf6 10. Kh2 Nh7 11. Ng1 f5 12. exf5 Bxf5 13. Nge2 Nf6 14. Be3 Rb8 15. Qd2 Ne7 16. f4 Nd7 17. g4 Be6 18. f5 Bxe3 19. Qxe3 Bf7 20. Rf2 Nc6 21. Qg3 Nf6 22. Ne4 Nxe4 23. Bxe4 Nb4 24. Nc3 c6 25. Bg2 Qb6 26. a3 Na6 27. Raf1 Qd4 28. f6 g5 29. h4 Nc5 30. hxg5 Qxd3 31. gxh6 Qg6 32. Qh4 Kh7 33. g5 1-0

[Event "Kampala Kireka op 4th"]
[Site "Kampala"]
[Date "2019.12.27"]
[Round "2"]
[White "Musasizi, Emmanuel"]
[Black "Yaqeen, Muizzuddin"]
[Result "1-0"]
[WhiteElo "1928"]
[BlackElo "1485"]
[PlyCount "43"]
[EventDate "2019.12.27"]
[EventType "swiss"]
[EventRounds "8"]
[EventCountry "UGA"]
[SourceTitle "EXT 2021"]
[Source "ChessBase"]
[SourceDate "2020.10.23"]
[SourceVersion "1"]
[SourceVersionDate "2020.10.23"]
[SourceQuality "1"]

1. g3 Nf6 2. Bg2 e6 3. c4 Nc6 4. Nc3 d5 5. cxd5 Nxd5 6. Nf3 Be7 7. 0-0 Nxc3 8. bxc3 0-0 9. d4 Bd7 10. Rb1 b6 11. Ne5 Nxe5 12. Bxa8 Qxa8 13. dxe5 Bc6 14. f3 Rd8 15. Qc2 f6 16. Bf4 g5 17. exf6 gxf4 18. fxe7 Re8 19. Qf5 Rxe7 20. Qxf4 e5 21. Qg5+ Rg7 22. Qxe5 1-0

[Event "UGA-chT"]
[Site "Kampala"]
[Date "2019.07.14"]
[Round "2.3"]
[White "Musasizi, Emmanuel"]
[Black "Buyinza, Richard"]
[Result "1-0"]
[WhiteElo "1911"]
[BlackElo "1934"]
[PlyCount "38"]
[EventDate "2019.07.14"]
[EventType "team-swiss"]
[EventRounds "14"]
[EventCountry "UGA"]
[SourceTitle "CBM 195 Extra"]
[Source "ChessBase"]
[SourceDate "2020.05.31"]
[SourceVersion "1"]
[SourceVersionDate "2020.05.31"]
[SourceQuality "1"]
[WhiteTeam "Makerere University"]
[BlackTeam "SOM Katwe"]
[WhiteTeamCountry "UGA"]
[BlackTeamCountry "UGA"]

1. Nf3 d5 2. c4 c6 3. e3 Nf6 4. d4 Bg4 5. Be2 e6 6. 0-0 Bd6 7. Nbd2 Nbd7 8. b3 0-0 9. Bb2 Rc8 10. Ne5 Bxe2 11. Qxe2 Ne8 12. f4 f6 13. Nxd7 Qxd7 14. Rad1 Bc7 15. c5 f5 16. Nf3 Nf6 17. b4 a6 18. a4 Ne4 19. Nd2 Nf6 1-0

[Event "Africa-ch U20"]
[Site "Entebbe"]
[Date "2019.01.04"]
[Round "8"]
[White "Musasizi, Emmanuel"]
[Black "Basangwa, Johnson Michael"]
[Result "1-0"]
[WhiteElo "1918"]
[BlackElo "1615"]
[PlyCount "64"]
[EventDate "2018.12.29"]
[EventType "swiss"]
[EventRounds "9"]
[EventCountry "UGA"]
[SourceTitle "CBM 188 Extra"]
[Source "ChessBase"]
[SourceDate "2019.02.26"]
[SourceVersion "1"]
[SourceVersionDate "2019.02.26"]
[SourceQuality "1"]

1. e4 c5 2. Nf3 Nc6 3. Bb5 g6 4. Nc3 Bg7 5. d3 a6 6. Bxc6 dxc6 7. Be3 b6 8. h3 Nf6 9. Qd2 Qc7 10. Bf4 Qd8 11. Bh6 0-0 12. 0-0 Re8 13. Bxg7 Kxg7 14. Nh4 e5 15. Nf3 Nh5 16. Nh2 Nf4 17. Ne2 Nxe2+ 18. Qxe2 f5 19. Nf3 Qf6 20. Nd2 f4 21. a3 Be6 22. b4 cxb4 23. axb4 a5 24. bxa5 bxa5 25. Ra3 Rf8 26. Rfa1 Qd8 27. Nf3 Qc7 28. Qd2 Rfb8 29. Qc3 Rb5 30. d4 Kg8 31. Nxe5 Rxe5 32. dxe5 Rb8 1-0

[Event "Africa-ch U20"]
[Site "Entebbe"]
[Date "2018.12.31"]
[Round "4"]
[White "Bitarinsa, Arthur"]
[Black "Musasizi, Emmanuel"]
[Result "0-1"]
[WhiteElo "1742"]
[BlackElo "1918"]
[PlyCount "70"]
[EventDate "2018.12.29"]
[EventType "swiss"]
[EventRounds "9"]
[EventCountry "UGA"]
[SourceTitle "CBM 188 Extra"]
[Source "ChessBase"]
[SourceDate "2019.02.26"]
[SourceVersion "1"]
[SourceVersionDate "2019.02.26"]
[SourceQuality "1"]

1. Nf3 Nf6 2. g3 g6 3. d4 Bg7 4. Bg2 d6 5. 0-0 Bg4 6. b3 Qc8 7. Re1 0-0 8. Bb2 a5 9. Nbd2 Na6 10. Nc4 b5 11. Nxa5 Nb4 12. c3 Rxa5 13. cxb4 Ra7 14. Qd3 Qd7 15. d5 Rfa8 16. a3 Bf5 17. e4 Nxe4 18. Bxg7 Nf6 19. Qe2 Kxg7 20. Nd4 Rxa3 21. Rxa3 Rxa3 22. Qxe7 Qxe7 23. Nxf5+ gxf5 24. Rxe7 Ra1+ 25. Bf1 Nxd5 26. Rd7 Rc1 27. Kg2 Nf6 28. Re7 Ng4 29. Bxb5 Kf6 30. Re2 c6 31. Ba6 Rc3 32. h3 Ne5 33. Re3 Rc2 34. b5 cxb5 35. Bxb5 d5 0-1

[Event "Kampala Kireka op 3rd"]
[Site "Kampala"]
[Date "2018.12.27"]
[Round "2"]
[White "Musasizi, Emmanuel"]
[Black "Muwanika, Phillip"]
[Result "0-1"]
[WhiteElo "1918"]
[BlackElo "1610"]
[PlyCount "61"]
[EventDate "2018.12.27"]
[EventType "swiss"]
[EventRounds "8"]
[EventCountry "UGA"]
[SourceTitle "CBM 188 Extra"]
[Source "ChessBase"]
[SourceDate "2019.02.26"]
[SourceVersion "1"]
[SourceVersionDate "2019.02.26"]
[SourceQuality "1"]

1. e4 e5 2. Nf3 Nc6 3. Bb5 a6 4. Ba4 Nf6 5. 0-0 Be7 6. c3 d6 7. d4 exd4 8. cxd4 0-0 9. d5 Ne5 10. Nxe5 dxe5 11. Nc3 Bc5 12. h3 h6 13. Qe2 b5 14. Bc2 Bd7 15. Be3 Bd6 16. a3 Qc8 17. Kh2 Nh7 18. f4 f5 19. fxe5 Bxe5+ 20. Bf4 Bxf4+ 21. Rxf4 fxe4 22. Raf1 Rxf4 23. Rxf4 Bf5 24. Nxe4 Qd7 25. Rxf5 Qxf5 26. Nd6 Qf4+ 27. Kh1 Qxd6 28. Qd3 Nf6 29. b4 Qe5 30. Kg1 Qa1+ 31. Kh2 0-1